000 00492nam a2200181 a 4500
001 000023012
005 20240510073816.0
008 101124s1976 ag r 000 0 spa d
040 _aDO-SdBNP
_bspa
_cBNPHU
082 _a100
_bF497fi, 1976
100 1 _aFingermann, Gregorio,
_947342
245 1 0 _aFilosofĂ­a /
_cGregorio Fingermann.
250 _a12a ed.
260 _aBuenos Aires :
_bEl Ateneo,
_c1976.
300 _axii, 132 p. ;
_c21 cm.
650 0 _aFilosofĂ­a
_9813
049 _aBNGR
999 _c22509
_d22509